1603 1222 1176 1330 1877 1889 1951 1359 1793 1275 1191 1097 1614 1533 1632 1259 1463 1219 1586 1544 1365 1590 1405 1632 1104 1992 1045 1513 1603 1639 1887 1470 1380 1990 1239 1429 1967 1919 1968 1568 1459 1367 1649 1164 1926 1488 1702 1162 1647 1047 1685 1489 1495 1022 1960 1535 1150 1923 1782 1051 1891 1520 1497 1674 1834 1029 1198 1170 1926 1156 1782 1303 1593 1732 1314 1082 1323 1798 1284 1963 1193 1637 1510 1085 1999 1321 1934 1713 1851 1902 1228 1369 1588 1370 1638 1991 1325 1223 1434 BCNSPRNW ULIB Ver.6.0+V

เปลี่ยนเป็นภาษาไทย

Change to English
 แสดงรายละเอียดบรรณานุกรม
  กลับหน้าหลัก

Brief Record : Get Marc (ISO 2709) : E-mail record : QR code < ปิดหน้าต่าง
LEADER : 00000nam 2200000uu 4500
001    13399109192
003     ULIB
008    110323s2543||||th 000 0 tha d
020    9745882283
060 04 WM100^bม649จ 2543
245 00 จิตเวชศาสตร์รามาธิบดี /^cบรรณาธิการ, มาโนช หล่อตระกูล,ปราโมทย์ สุคนิชย์
250    พิมพ์ครั้งที่ 5
260    กรุงเทพฯ :^bสวิชาญการพิมพ์,^c2543
300    [8], 470 หน้า ;^c21 ซม.
650  7 จิตเวชศาสตร์
700 0  มาโนช หล่อตระกูล,^eบรรณาธิการ
700 0  ปราโมทย์ สุคนิชย์,^eบรรณาธิการ
945    ^p250^l0^i012189
945    ^p250^l0^i012188
945    ^p250^l0^i012187
945    ^p250^l0^i012185
945    ^p250^l0^i012186
995    ทศพร
999 ^a ใช้งานได้ทุกระบบ
รายการนี้ยังไม่มีแท็ก
คุณยังไม่ได้ล็อกอิน คุณสามารถมีกิจกรรมร่วมกับเว็บไซต์ได้ แต่ต้องล็อกอินก่อน ::
  ล็อกอิน

รายการสื่อสารสนเทศ

ลำดับที่ ประเภท เลขเรียก/บาร์โค้ด สถานที่ สถานะ
- ไม่พบข้อมูล -

รายการใกล้เคียง
    หัวเรื่อง [จิตเวชศาสตร์]

BibComment


ยังไม่เคยถูกคอมเมนท์

คอมเมนท์ทรัพยากรรายการนี้
  คอมเมนท์: จิตเวชศาสตร์รามาธ..


 Copyright 2026. Bcnsprnw @Library